Traité théorique et pratique des sociétés commerciales française et étrangères (Record no. 135872)
[ view plain ]
| 000 -LEADER | |
|---|---|
| campo de control de longitud fija | 01020nam a2200229 i 4500 |
| 001 - NÚMERO DE CONTROL | |
| campo de control | 135872 |
| 003 - IDENTIFICADOR DE NÚMERO DE CONTROL | |
| campo de control | ES-MaACL |
| 005 - FECHA Y HORA DE LA ÚLTIMA TRANSACCIÓN | |
| campo de control | 20251015063132.0 |
| 007 - CAMPO FIJO DE DESCRIPCIÓN FÍSICA--INFORMACIÓN GENERAL | |
| campo de control de longitud fija | t| |
| 008 - DATOS DE LONGITUD FIJA--INFORMACIÓN GENERAL | |
| campo de control de longitud fija | 070214s1921 fr |||| | fre d |
| 100 0# - ENTRADA PRINCIPAL--NOMBRE DE PERSONA | |
| Nombre de persona | Rousseau, Rodolphe, |
| Fechas asociadas al nombre | 1849-1922 |
| 9 (RLIN) | 100062 |
| 245 10 - MENCIÓN DEL TÍTULO | |
| Título | Traité théorique et pratique des sociétés commerciales française et étrangères |
| Resto del título | : contenant une étude du régime fiscal et suivi de formules annotées répondant áa tous les actes de la vie sociale / |
| Mención de responsabilidad, etc. | Rodolphe Rousseau. |
| 250 ## - MENCION DE EDICION | |
| Mención de edición | 5e éd., entièrement refondue, mise au courant de la jurisprudence la plus récente |
| Resto de la mención de edición | par ses collaborateurs, André Dolbeau, Louis Gallié, Jacques Rodolphe-Rousseau. |
| 260 ## - PUBLICACIÓN, DISTRIBUCIÓN, ETC. | |
| Lugar de publicación, distribución, etc. | Paris : |
| Nombre del editor, distribuidor, etc. | Librairie A. Rousseau, |
| Fecha de publicación, distribución, etc. | 1921. |
| 300 ## - DESCRIPCIÓN FÍSICA | |
| Extensión | 2 v. ; |
| Dimensiones | 25 cm. |
| 650 #4 - PUNTO DE ACCESO ADICIONAL DE MATERIA--TÉRMINO DE MATERIA | |
| Término de materia o nombre geográfico como elemento de entrada | Sociedades. |
| 9 (RLIN) | 136884 |
| 700 1# - ENTRADA AGREGADA--NOMBRE PERSONAL | |
| Nombre de persona | Dolbeau, André. |
| 9 (RLIN) | 45010 |
| 700 1# - ENTRADA AGREGADA--NOMBRE PERSONAL | |
| Nombre de persona | Gallié, Louis. |
| 9 (RLIN) | 53617 |
| 700 0# - ENTRADA AGREGADA--NOMBRE PERSONAL | |
| Nombre de persona | Rodolphe-Rousseau, Jacques, |
| Fechas asociadas al nombre | 1893- |
| 9 (RLIN) | 98155 |
| 852 ## - LOCALIZACIÓN | |
| Ubicación | ES-MaACL |
| Número de control de estantería | F-8223-24 |
| Estatus retirado | Estado de pérdida | Estado de daño | No para préstamo | Biblioteca de origen | Biblioteca actual | Ubicación en estantería | Fecha de adquisición | Fuente de adquisición | Total de préstamos | Signatura topográfica completa | Código de barras | Visto por última vez | Precio de reemplazo | Tipo de ítem Koha |
|---|---|---|---|---|---|---|---|---|---|---|---|---|---|---|
| Biblioteca del Ateneo de Madrid | Biblioteca del Ateneo de Madrid | Sala Pecera Planta 2 | 17/01/2008 | F-8223-24 | 1141414 | 23/02/2023 | 23/02/2023 | Libro impreso |
